I fiumi delle civiltà antiche - Statistics

Statistiche generali
  • Questo quiz è stato fatto 60 volte
  • Il punteggio medio è 6 su 9
Statistiche sulle risposte
Civiltà Fiume % Corretto
Sumeri Tigri / Eufrate
100%
Egizi Nilo
98%
Romani Tevere
92%
Babilonesi Eufrate
79%
Cinesi Fiume Giallo
62%
Ebrei Giordano
62%
Assiri Tigri
58%
Maurya Gange
37%
Harappa Indo
27%
Nessun quiz corrispondente trovato
Distribuzione punteggi
Percentuale di utenti per punteggio
Percentile per numero di risposta
I tuoi punteggi nel tempo
Non hai fatto questo quiz